<?xml version='1.0' encoding='UTF-8'?>
  <record xmlns="http://www.loc.gov/MARC21/slim">
    <leader>00000cam a22000007i 4500</leader>
    <controlfield tag="001">ocm65505683</controlfield>
    <controlfield tag="003">OCoLC</controlfield>
    <controlfield tag="005">20250619150606.8</controlfield>
    <controlfield tag="008">900730s1621    it            000 0 lat d</controlfield>
    <datafield tag="040" ind1=" " ind2=" ">
      <subfield code="a">NLGGC</subfield>
      <subfield code="b">dut</subfield>
      <subfield code="e">fobidrtb</subfield>
      <subfield code="c">NLGGC</subfield>
      <subfield code="d">OCLCO</subfield>
      <subfield code="d">OCLCA</subfield>
      <subfield code="d">OCLCL</subfield>
      <subfield code="d">OCLCQ</subfield>
    </datafield>
    <datafield tag="029" ind1="0" ind2=" ">
      <subfield code="a">NLGGC</subfield>
      <subfield code="b">065060075</subfield>
    </datafield>
    <datafield tag="035" ind1=" " ind2=" ">
      <subfield code="a">(OCoLC)65505683</subfield>
    </datafield>
    <datafield tag="100" ind1="1" ind2=" ">
      <subfield code="a">Alciatus, Andreas,</subfield>
      <subfield code="d">1492-1550.</subfield>
      <subfield code="1">https://id.oclc.org/worldcat/entity/E39PBJf4hpJgCCXJ8BBGYdJqwC</subfield>
    </datafield>
    <datafield tag="245" ind1="1" ind2="0">
      <subfield code="a">Andreæ Alciati Emblemata /</subfield>
      <subfield code="c">cvm commentariis Clavdii Minois, Francisci Sanctii Brocensis, et notis Lavrentii Pignorii.</subfield>
    </datafield>
    <datafield tag="246" ind1="3" ind2=" ">
      <subfield code="a">Emblemata</subfield>
    </datafield>
    <datafield tag="250" ind1=" " ind2=" ">
      <subfield code="a">Nouissima hac editione in continuam vnius commentarij seriem congestis, in certas quasdam quasi classes dispositis, &amp; plusquam dimidia parte auctis opera et vigiliis Ioannis Thvilii Mariaemontani Tirol. ... ; accesserunt in fine Federici Morelli professoris regij Corollaria et monita ad eadem Emblemata.</subfield>
    </datafield>
    <datafield tag="260" ind1=" " ind2=" ">
      <subfield code="a">Patauii :</subfield>
      <subfield code="b">apud Petrum Paulum Tozzium,</subfield>
      <subfield code="c">1621.</subfield>
    </datafield>
    <datafield tag="300" ind1=" " ind2=" ">
      <subfield code="a">LXXX, 1003 p. :</subfield>
      <subfield code="b">ill. ;</subfield>
      <subfield code="c">in-4.</subfield>
    </datafield>
    <datafield tag="336" ind1=" " ind2=" ">
      <subfield code="a">tekst</subfield>
      <subfield code="b">txt</subfield>
      <subfield code="2">rdacontent/dut</subfield>
    </datafield>
    <datafield tag="337" ind1=" " ind2=" ">
      <subfield code="a">zonder medium</subfield>
      <subfield code="b">n</subfield>
      <subfield code="2">rdamedia/dut</subfield>
    </datafield>
    <datafield tag="338" ind1=" " ind2=" ">
      <subfield code="a">band</subfield>
      <subfield code="b">nc</subfield>
      <subfield code="2">rdacarrier/dut</subfield>
    </datafield>
    <datafield tag="500" ind1=" " ind2=" ">
      <subfield code="a">Bevat o.m.: Andreae Alciati Vita per Claudium Minoem conscripta.</subfield>
    </datafield>
    <datafield tag="510" ind1="0" ind2=" ">
      <subfield code="a">Brunet I, 148. Praz p.241-252. Green 165. Duplessis 120</subfield>
    </datafield>
    <datafield tag="700" ind1="1" ind2=" ">
      <subfield code="a">Mignault, Claude,</subfield>
      <subfield code="d">ca. 1536-1606.</subfield>
      <subfield code="1">https://id.oclc.org/worldcat/entity/E39PBJgxx8TPQBJfbwgkxRFHYP</subfield>
    </datafield>
    <datafield tag="700" ind1="1" ind2=" ">
      <subfield code="a">Pignoria, Lorenzo,</subfield>
      <subfield code="d">1571-1631.</subfield>
      <subfield code="1">https://id.oclc.org/worldcat/entity/E39PBJk4Hw7gGWcjw4PgXcT8md</subfield>
    </datafield>
    <datafield tag="700" ind1="1" ind2=" ">
      <subfield code="a">Thuilius, Joannes,</subfield>
      <subfield code="d">1590-1630.</subfield>
      <subfield code="1">https://id.oclc.org/worldcat/entity/E39PBJbtwgYqtfHymx8wmCKWXd</subfield>
    </datafield>
    <datafield tag="700" ind1="1" ind2=" ">
      <subfield code="a">Morel, Frédéric,</subfield>
      <subfield code="c">drukker,</subfield>
      <subfield code="d">1558-1630.</subfield>
      <subfield code="1">https://id.oclc.org/worldcat/entity/E39PBJqVPFYX787pfT7kqGqqQq</subfield>
    </datafield>
    <datafield tag="710" ind1="0" ind2=" ">
      <subfield code="a">Tozzi, Pietro Paolo (Padua)</subfield>
      <subfield code="4">prt</subfield>
      <subfield code="0">(NL-LeOCL)099253062</subfield>
    </datafield>
    <datafield tag="936" ind1=" " ind2=" ">
      <subfield code="a">BATCHLOAD</subfield>
    </datafield>
  </record>